Libro de poemas ; Poema del cante jondo ; Romancero Gitano ; Poeta en Nueva York ; Odas ; Llanto por Sánchez Mejías ; Bodas de sangre ; Yerma
Αποθηκεύτηκε σε:
| Κύριος συγγραφέας: | |
|---|---|
| Μορφή: | Βιβλίο |
| Γλώσσα: | Spanish |
| Δημοσίευση: |
Mexico :
Porrua,
1974.
|
| Σειρά: | "Sepan cuantos--" ;
251 |
| Θέματα: | |
| Ετικέτες: |
Προσθήκη ετικέτας
Δεν υπάρχουν, Καταχωρήστε ετικέτα πρώτοι!
|
MARC
| LEADER | 00000cam a2200000 i 4500 | ||
|---|---|---|---|
| 001 | 1/19516 | ||
| 008 | 120514s1974 mx | ||| |||| ||spa|| | ||
| 035 | |l 10112460 | ||
| 040 | |a GR-MyUa |b gre |e AACR2 | ||
| 041 | 0 | |a spa | |
| 082 | 7 | |a 861 |2 (22) | |
| 100 | 1 | |a Garcia Lorca, Federico, |d 1898-1936. | |
| 245 | 1 | 0 | |a Libro de poemas ; |b Poema del cante jondo ; Romancero Gitano ; Poeta en Nueva York ; Odas ; Llanto por Sánchez Mejías ; Bodas de sangre ; Yerma / |c Federico García Lorca ; prologo de Salvador Novo. |
| 260 | |a Mexico : |b Porrua, |c 1974. | ||
| 300 | |a 232 σ. ; |c 21 εκ. | ||
| 490 | 1 | |a ("Sepan cuantos--" |v 251) | |
| 650 | 0 | |a Spanish poetry. | |
| 650 | 0 | |a Spanish drama. | |
| 740 | 0 | |a Poema del cante jondo. | |
| 740 | 0 | |a Romancero Gitano. | |
| 740 | 0 | |a Poeta en Nueva York. | |
| 740 | 0 | |a Odas. | |
| 740 | 0 | |a Llanto por Sánchez Mejías | |
| 740 | 0 | |a Bodas de sangre. | |
| 740 | 0 | |a Yerma. | |
| 830 | 0 | |a "Sepan cuantos--" ; |v 251 | |
| 852 | |a INST |b SYROS |e 20120514 |h 861 GAR |p 005500010126 |q 005500010126 |t BK |y 0 | ||
| 901 | |a BIBL5-2012-1 | ||
| 970 | |a Τσουκαλά |b Αλίκη |z 14/05/2012 | ||